00683nam a2200241 a 4500001001300000003000900013005001700022008004100039020001000080082001600090100001500106245002600121260003400147300000800181500003500189505002400224650003100248700001500279902000800294942000700302952011700309999001500426nice12345678IN_TiNIC20260116012641.0050524s0000 guna grp 000 0 eng  ac10000a235.47bDEV aDevadas, M aLines to Resist Satan aGuntur bAlvin Fishman c0000 a76p aincludes index and biblioraphy2 aIndex, Bibliography aGood and Evil-Christianity1 aDevadas, M bSRS cBK 001040708StackRoom-aHMIbHMId2008-04-16g100.00l0o235.47 DEVp011173r2008-04-16v100.00w2005-05-24yBK c7806d7806